000 00502nam a22001812 4500
001 0000004130
005 20170406115602.0
008 140818s xx 000 0 eng d
020 _c$
040 _aYour Holding Symbol
_cYour Holding Symbol
100 1 _aHall,Donald.
245 1 0 _aNew poets of england and america :
_bsecond selected.
250 _a ed.
260 _aNew york :
_bMeriodian,
_c1962.
300 _a384 p. ;
_c cm.
650 0 _aamerican poems.
908 _a140818
999 _c3971
_d3971